000
00194 a2200085 4500
020
_a
9780624040040
082
_2
613.2 SERF
_a
613.2
_b
1
100
_a
SERFONTEIN, W.J
_9
105944
245
_a
NEW NUTRITION
999
_c
779460
_d
779459
942
_w
438
_x
Lucy Nkosi
_y
438
_z
Lucy Nkosi